Fundamentos matemáticos de la programación : sistemas de numeración, algoritmos y su representación
| Main Authors: | , , |
|---|---|
| Format: | Section = Libro |
| Language: | Undetermined Spanish |
| Published: |
Madrid, España
Universidad Politécnica de Madrid
[s.f.]
|
| Subjects: |
| LEADER | 00620nam a2200193Ia 4500 | ||
|---|---|---|---|
| 008 | 240829s9999 xx 000 0 und d | ||
| 040 | |a BIBLIOTECA-RUSB/ 519.7 C933 | ||
| 041 | |a spa | ||
| 082 | |a 519.7 C933 | ||
| 100 | 1 | |a Cristóbal Pérez, Gabriel | |
| 100 | 1 | |b Martínez Orga, Vicente | |
| 100 | 1 | |c Pazos Sierra, Juan | |
| 245 | 1 | 0 | |a Fundamentos matemáticos de la programación : sistemas de numeración, algoritmos y su representación |
| 260 | |a Madrid, España |b Universidad Politécnica de Madrid |c [s.f.] | ||
| 300 | |a 237 p. :il. | ||
| 650 | 7 | |a PROGRAMACION | |
| 942 | |c BK |2 ddc | ||
| 991 | |a TEXTO | ||
| 999 | |c 1924 | ||